000
00342 a2200145 4500
999
_c
12614
_d
12614
003
OSt
005
20240517165402.0
008
240517b ||||| |||| 00| 0 eng d
020
_a
978-0385531924
082
_a
294.50954
100
_a
Eck, Diana L
245
_a
India: A Sacred Geography
260
_b
Harmony;
_c
2013
942
_2
ddc